000 00642nam a2200193 a 4500
001 BRCA_1338
005 20190320203400.0
008 950209s2000 mx-a---##b---#000-0#spa-#
040 _aDLC
_cDLC
050 4 _aNK844
_b.N33 1994
245 1 0 _aNacimientos mexicanos
_bgrandes maestros del arte popular
_cAndrés Henestrosa ...[et al.].
260 _aMéxico
_bFCB: Liverpool
_c2000
300 _a47 p.
_bil. a color
_c32 cm.
650 1 4 _aNacimiento (escenas de Natividad)
_zMéxico.
_94380
650 1 4 _aArte popular
_zMéxico.
_9882
650 1 4 _aSantos en el arte
_zMéxico.
_94381
700 1 _aHenestrosa, Andrés
_d1906-
_94382
942 _2lcc
_cB
999 _c1201
_d1201